LEADER 01554nas 2200493-a 450 001 9910407550103321 005 20220226213023.0 011 $a1469-7637 035 $a(DE-599)ZDB1466476-8 035 $a(OCoLC)44166735 035 $a(CKB)954925334691 035 $a(CONSER)--2012236853 035 $a(EXLCZ)99954925334691 100 $a20000602a19509999 s-- a 101 0 $aeng 135 $aurmnu|||||||| 181 $ctxt$2rdacontent 182 $cc$2rdamedia 183 $acr$2rdacarrier 200 14$aThe journal of ecclesiastical history 210 $a[Cambridge, England] $cCambridge University Press 311 $a0022-0469 531 $aJOURNAL OF ECCLESIASTICAL HISTORY 531 $aJ ECCLESIAST HIST 606 $aChurch history$vPeriodicals 606 $aÉglise$xHistoire$vPériodiques 606 $aChurch history$2fast$3(OCoLC)fst00860740 606 $aKerkgeschiedenis (wetenschap)$2gtt 606 $aEcclésiologie$2rasuqam 606 $aHistoire de l'Église$2rasuqam 608 $aPeriodicals.$2fast 608 $aPériodique électronique (Descripteur de forme)$2rasuqam 608 $aRessource Internet (Descripteur de forme)$2rasuqam 615 0$aChurch history 615 6$aÉglise$xHistoire 615 7$aChurch history. 615 17$aKerkgeschiedenis (wetenschap) 615 7$aEcclésiologie. 615 17$aHistoire de l'Église. 676 $a270.05 906 $aJOURNAL 912 $a9910407550103321 996 $aThe journal of ecclesiastical history$91899636 997 $aUNINA